000 00986nam a22001937a 4500
005 20250808143105.0
010 _aHIN-130195
020 _a1257893725650
_c200.00
035 _aHN-102541
037 _bDBAD
082 _a792.0954
100 _aचक्रवर्ती, सुधांशु कुमार
_984004
245 _aभारतीय रंगमंच परम्परा एवं प्रयोग/
_cसुधांशु कुमार चक्रवर्ती
250 _aप्रथम
260 _aनयी दिल्ली
_bजानकी दानी प्रकाशन
_c2020
270 _a836,जीएच-3, साईंनाथ अपार्टमेंट, सेक्टर -28, रोहिणी,
_bनयी दिल्ली
_e110042
_mjankidaniprakashan@gmail.com
_k9801699936, 8789335785
300 _a143 पृ.
_c23 सेमी(सजिल्द)
942 _2ddc
_cHN
_h792.0954
_mचक्रव
999 _c212974
_d212974